Υπόγεια μυστήρια Mysteries underground : ανακαλύψτε το εκπληκτικό σύμπαν κάτω από τα πόδια μας
Ένα ταξίδι στο πιο καινούριο σπήλαιο του κόσμου το Λετσουγκίλα στο Μεξικό και στο πέρασμα που ένωνε τα συστήματα σπηλαίων Μαμούθ και Φλιντ Ριτζ που δημιουργούν το μεγαλύτερο δίκτυο σπηλαίων στον κόσμο....
Αποθηκεύτηκε σε:
| Συγγραφή απο Οργανισμό/Αρχή: | |
|---|---|
| Άλλοι συγγραφείς: | |
| Μορφή: | |
| Γλώσσα: | English Greek |
| Δημοσίευση: |
[Washington D.C.] : Αθήνα :
National Geographic Society, Διανομή Home Video Hellas,
1992.
|
| Σειρά: | National Geographic Video
|
| Θέματα: | |
| Ετικέτες: |
Προσθήκη ετικέτας
Δεν υπάρχουν, Καταχωρήστε ετικέτα πρώτοι!
|
MARC
| LEADER | 00000cgm a2200000 i 4500 | ||
|---|---|---|---|
| 001 | 1/66857 | ||
| 008 | 041126s1992####us ||| | || ||eng|| | ||
| 035 | |l 10075474 | ||
| 040 | |a GR-MY-UA |b gre |e aacr | ||
| 041 | 0 | |a eng |j gre | |
| 082 | 0 | |a 910.9 |2 (22) | |
| 245 | 1 | 0 | |a Υπόγεια μυστήρια |h [μαγνητοσκόπηση] = |b Mysteries underground : ανακαλύψτε το εκπληκτικό σύμπαν κάτω από τα πόδια μας / |c παραγωγή, σενάριο : Lionel Friedberg ; National Geographic Society. |
| 246 | 1 | |i Παράλληλος τίτλος: |a Mysteries underground | |
| 260 | |a [Washington D.C.] : |a Αθήνα : |b National Geographic Society, |b Διανομή Home Video Hellas, |c 1992. | ||
| 300 | |a 1 βιντεοκασέτα (60 λεπτ.) : |b ομιλ., έγχρ. ; |c 1/2 ίν. | ||
| 490 | 1 | |a National Geographic Video | |
| 508 | |a Παραγωγή του National Geographic Special από την National Geographic Society; Δυνατότης παραγωγής από την CHEVRON; Εκτέλεση παραγωγής Nicholas Noxon, Tom Simon; | ||
| 520 | |a Ένα ταξίδι στο πιο καινούριο σπήλαιο του κόσμου το Λετσουγκίλα στο Μεξικό και στο πέρασμα που ένωνε τα συστήματα σπηλαίων Μαμούθ και Φλιντ Ριτζ που δημιουργούν το μεγαλύτερο δίκτυο σπηλαίων στον κόσμο. | ||
| 538 | |a VHS format. | ||
| 650 | 0 | 0 | |a Discoveries in geography. |
| 650 | 0 | 0 | |a Caves |z New Mexico. |
| 650 | 0 | 0 | |a Caves |x Surveying. |
| 700 | 1 | |a Friedberg, Lionel. |4 pro | |
| 710 | 2 | |a National Geographic Society (U.S.) | |
| 830 | 0 | |a National Geographic Video | |
| 852 | |a INST |b LESVOS |c AV |e 20041126 |h 910.9 ΥΠΟ |p 005100028075 |q 005100028075 |t VC |y 23 | ||
| 852 | |a INST |b RHODES |c AV |e 20050211 |h 910.9 ΥΠΟ |p 005400017854 |q 005400017854 |t VC |y 23 | ||
| 901 | |a BIBL1-2004-3 | ||
| 901 | |a BIBL4-2005-1 | ||
| 909 | |a Λ |b 115454 | ||
| 909 | |a Ρ |b 042854 | ||
| 922 | |a 1ΕΛΗ |b 199303 |c ΤΑΚ/ΚΥΒ | ||
| 922 | |a 4ΕΛΗ |b 199604 |c ΒΙΒΛΙΟΘΗΚΗ | ||
| 970 | |a ΣΜΠΙΛΗ |b ΕΛΕΝΗ |z 2005/02/11 | ||